Представление документа в формате RUSMARC

ПолеНазваниеЗначение
  Тип записи a
  Библиографический уровень m
001 Контрольный номер RU/CBS_UL/BASE/571501046
005 Дата корректировки 20240209174808.2
010 Индекс ISBN __
a ISBN
b Уточнения в пер.
d Цена 75 к.
9 Тираж 56 000 экз.
100 Данные общей обработки __
a Данные общей обработки 20180209d2018 ||| 0rusy0189 ca
101 Язык документа 0_
a Язык текста rus
102 Страна публикации __
a Страна публикации RU
105 Кодированные данные (монография) __
a Кодированные данные (монография) y###||||000|y
200 Заглавие и сведения об ответственности 1_
a Заглавие Поэзия гражданского подвига
b Общее обозначение материала Текст
e Сведения, относящиеся к заглавию литературная деятельность декабристов
e Сведения, относящиеся к заглавию учебное пособие для педагогических институтов
f Первые сведения об ответственности В. Н. Касаткина
210 Выходные данные 1_
a Место издания Москва
c Издательство Просвещение
d Дата издания 1987
215 Физическое описание __
a Объем 237, [2] с.
d Формат 21 см.
300 Общие примечания __
a Общие примечания Ограничения по возрасту - 16+
300 Общие примечания __
a Общие примечания Под инв. номером 22853: 3-1, 5-1, 6-1, 9н-1
606 Тематические рубрики 0_
a Основная рубрика Русская литература, 19 в.
610 Ключевые слова 0_
a Ключевые слова литература русская
a Ключевые слова декабристы
a Ключевые слова поэзия
686 Индексы других классификаций __
a Классификационный индекс 83.3(2Рос=Рус)1
2 Код системы ББК
700 Автор _1
a Фамилия Касаткина
b Имя (инициалы) Вера Николаевна
g Полное личное имя В. Н.
801 Источник записи _0
a Страна RU
b Организация МБУК ЦБС
c Дата составления 20180209
g Правила каталогизации RCR
801 Источник записи _1
a Страна RU
b Организация МБУК ЦБС г. Ульяновска
c Дата составления 20180209
g Правила каталогизации RCR
899 Данные о местонахождении __
i Авторский знак К 28
j Расстановочный фильтр 83.3(2Рос=Рус)1
901 Тип документа __
t Тип документа m
910 Корректоры записи __
a Корректор записи Тихонова